Top 10 des meilleurs disney (wasatec) - Statistiques

Statistiques générales
  • Ce quiz a été pris 413 fois
    336 depuis la dernière actualisation
  • Le résultat moyen est 3 sur 10
Statistiques - réponses
Hint Réponse % Correct
2 Raiponce
82%
3 Le roi lion
71%
1 La reine des neiges
66%
10 Mulan
52%
5 La belle et le clochard
31%
7 Lilo et stitch
22%
4 101 dalmatiens
8%
8 Le roi lion 2
7%
9 le monde de ralph
6%
6 La planete au tresor
4%
Aucun quiz correspondant
Distribution des résultats
% des personnes avec chaque résultat
Percentile par nombre de réponses
Votre historique - résultats
Vous n’avez pas pris ce quiz depuis la dernière actualisation